Statistics for Top 15 cities by population of Indiana

Click here to take the quiz!

General Stats

  • This quiz has been taken 165 times
  • The average score is 9 of 15

Answer Stats

HintAnswer% Correct
Indianapolis
99%
Fort Wayne
88%
Gary
82%
Evansville
74%
South Bend
70%
Bloomington
62%
Carmel
56%
Lafayette
51%
Muncie
51%
Terre Haute
49%
Fishers
42%
Kokomo
38%
Hammond
36%
Anderson
34%
Noblesville
27%

Score Distribution

Percentile by Number Answered

Percent of People with Each Score

Your Score History

You have not taken this quiz